000 00804nam a2200217 a 4500
001 BRCA_1286
005 20190320203348.0
008 840817s1996####mx-######b---#000-0#spa-#
050 4 _aND253
_b.R63 1996
100 1 _aRodríguez-Miaja, Fernando Edmundo
_d1952-
_9352
245 1 0 _aIdeas para una revaloración iconográfica de San Cayetano
_cFernando E. Rodríguez-Miaja.
260 _aMéxico
_bMuseo Franz Mayer
_c1996
300 _a18 p.
_c28 cm.
500 _aTrabajo basado en el estudio del libro: Tres siglos de pintura colonial mexicana de Agustín Velázquez Chávez. México: Polis, 1939
500 _aEjemplar engargolado
500 _aPor política no se presta a domicilio
650 1 4 _aPintores mexicanos
_94220
650 1 4 _aPintores
_zMéxico
_94221
902 _aeng
942 _2lcc
_cB
999 _c1155
_d1155